[Event "Open"]
[Site "Voronezh RUS"]
[Date "2005.06.19"]
[Round "7"]
[White "Zubarev,Al1"]
[Black "Smirnov,Alexey"]
[Result "1-0"]
[WhiteElo "2514"]
[BlackElo "2335"]

1.e4 c5 2.Ne2 Nc6 3.Nbc3 e6 4.d4 cxd4 5.Nxd4 Qc7 6.Be3 a6 7.Qd2 Nf6 8.f3 d6
9.O-O-O Nxd4 10.Qxd4 Be7 11.g4 O-O 12.g5 Nd7 13.f4 Re8 14.h4 Bf8 15.h5 e5
16.Qc4 Qxc4 17.Bxc4 exf4 18.Bxf4 Ne5 19.Bb3 Be6 20.Nd5 Rac8 21.h6 Bxd5 22.Bxd5 Rc7
23.Rdf1 Nd3+ 24.Kb1 Nxf4 25.Rxf4 g6 26.Rhf1 Ree7 27.b4 b6 28.c4 Red7 29.Kb2 Ra7
30.a3 Rac7 31.Kc3 Ra7 32.Kd3 Re7 33.Rf6 Red7 34.R1f3 a5 35.b5 Rac7 36.a4 Ra7
37.e5 dxe5 38.Rxb6 Rd8 39.Ke4 Bc5 40.Rc6 Bd4 41.b6 Re7 42.Rc7  1-0

[Event "White Nights"]
[Site "St Petersburg RUS"]
[Date "2005.06.20"]
[Round "3"]
[White "Kirpichenkov,S"]
[Black "Bragina,A"]
[Result "1-0"]
[WhiteElo "2078"]
[BlackElo "1961"]

1.e4 c5 2.Nc3 Nc6 3.Nf3 e6 4.d4 cxd4 5.Nxd4 Nf6 6.Be3 Bb4 7.Bd3 d5 8.exd5 Nxd5
9.Nxc6 bxc6 10.Bd2 Bxc3 11.bxc3 Qe7 12.O-O O-O 13.Rb1 e5 14.Re1 f5 15.c4 Nb6
16.c5 Nd5 17.c4 Nc7 18.Bf4 Qxc5 19.Rxe5 Qd4 20.Qf3 Ne6 21.g3 g5 22.Bxf5 Nxf4
23.Bxh7+ Kxh7 24.gxf4 Qxf4 25.Qh5+ Kg7 26.Rxg5+ Kf6 27.Rg6+ Ke7 28.Re1+ Kd8
29.Qa5+ Kd7 30.Rd1+ Ke7 31.Qc5+ Kf7 32.Qxc6 Rh8 33.Rg3 Be6 34.Rf3 Rag8+ 35.Kf1 Bh3+
36.Rxh3 Rxh3 37.Rd7+ Ke8 38.Qc8+  1-0

[Event "White Nights"]
[Site "St Petersburg RUS"]
[Date "2005.06.20"]
[Round "3"]
[White "Lelekova,O"]
[Black "Truskavetsky,A"]
[Result "0-1"]
[WhiteElo "2141"]
[BlackElo "2374"]

1.e4 c5 2.Nf3 e6 3.d4 cxd4 4.Nxd4 Nc6 5.Nc3 a6 6.Be2 Qc7 7.O-O Nf6 8.Kh1 Bb4
9.Bg5 h6 10.Bxf6 gxf6 11.f4 h5 12.Nxc6 bxc6 13.Qd4 Be7 14.Qd1 Rb8 15.b3 d5
16.exd5 cxd5 17.Na4 Bb7 18.c4 Rd8 19.c5 Bc6 20.b4 d4 21.Bf3 Bb5 22.Rf2 Kf8
23.f5 Qf4 24.fxe6 fxe6 25.Nb6 d3 26.Qd2 Qd4 27.Re1 f5 28.a4 Be8 29.Rff1 Bf7
30.Bd1 Bf6 31.Bb3 Qc3 32.Qxc3 Bxc3 33.Rd1 Ke7 34.b5 Bd4 35.bxa6 Bxc5 36.a5 d2
37.a7 Be3 38.Ba4 Ra8 39.Nxa8 Rxa8 40.Bb5 Rxa7 41.a6 f4 42.Be2 e5 43.Ra1 h4
44.Ra5 Kd6 45.Ra3 Bd5 46.Rd1 h3 47.Bf3 e4 48.Bg4 hxg2+ 49.Kxg2 Bc5 50.Ra5 e3+  0-1

[Event "White Nights"]
[Site "St Petersburg RUS"]
[Date "2005.06.21"]
[Round "4"]
[White "Ivanov,Al3"]
[Black "Serov,M"]
[Result "1/2-1/2"]
[WhiteElo "2303"]
[BlackElo "2178"]

1.e4 c5 2.Nf3 e6 3.d4 cxd4 4.Nxd4 Nc6 5.Nc3 d6 6.Be3 Bd7 7.Qd2 a6 8.O-O-O b5
9.Bxb5 axb5 10.Ndxb5 Ne5 11.Nxd6+ Bxd6 12.Qxd6 Nc4 13.Qd4 Nxe3 14.Qxe3 Ne7
15.Qd4 f6 16.Rd2 Qc8 17.Rhd1 Bc6 18.Qc4 Kf7 19.Rd6 Re8 20.f4 Ba4 21.Qd4 Bc6
22.Qc4 Ba4 23.Qd4 Bc6 24.h4 Ng6 25.g3 Nf8 26.Qc4 Ra6 27.b3 Qa8 28.a4 Rc8
29.Qd4 Be8 30.Kb2 Rac6 31.Rxc6 Bxc6 32.Qb4 Rb8 33.Qc4 Qb7 34.Rd6 Rc8 35.Qd3 Nd7
36.Qc4 Nf8 37.Qd3 Nd7 38.Qc4 Nf8 39.Rd4 Bxe4 40.Qb5 Bc6 41.Qxb7+ Bxb7 42.a5 e5
43.Rb4 Ba8 44.a6 Nd7 45.Nb5 Ke6 46.f5+ Kd5 47.Rg4 g6 48.fxg6 hxg6 49.Rxg6 Bc6
50.c4+ Kc5 51.Nc3 Ra8 52.h5 Rxa6 53.h6 Ra8 54.h7 Rh8 55.Rg7 e4 56.Ne2 Nf8
57.Kc3 Rxh7 58.b4+ Kd6 59.Rxh7 Nxh7 60.Kd4 Ng5 61.Nc3 Ne6+ 62.Ke3 f5 63.c5+ Kc7
64.b5 Bb7 65.c6 Bxc6 66.bxc6 Kxc6 67.Nxe4 fxe4 68.Kxe4  1/2-1/2

[Event "Torch Real Estate Cup"]
[Site "Xiapu CHN"]
[Date "2005.06.21"]
[Round "14"]
[White "Peng Xiaomin"]
[Black "Liang Jinrong"]
[Result "1/2-1/2"]
[WhiteElo "2590"]
[BlackElo "2467"]

1.e4 c5 2.Nf3 e6 3.d4 cxd4 4.Nxd4 Nc6 5.Nc3 Qc7 6.Be2 a6 7.O-O Nf6 8.Be3 Bb4
9.Na4 Bd6 10.Nb6 Rb8 11.g3 Nxe4 12.Nxc6 Qxc6 13.Bf3 f5 14.Bxe4 fxe4 15.Qh5+ g6
16.Qh6 Bc5 17.Qf4 d6 18.Nxc8 Qxc8 19.Rad1 e5 20.Qxe4 O-O 21.Qd5+ Rf7 22.Bxc5 Qxc5
23.Qxd6 Rc8 24.c3 e4 25.Qe6 Qf5 26.Rd6 Rc5 27.Rd8+ Kg7 28.Re8 Rd5 29.Qxe4 Qxe4
30.Rxe4 Rd2 31.Rb4 b5 32.f3 Re7 33.Rf2 Ree2 34.Rxe2 Rxe2 35.a4 bxa4 36.Rxa4 Rxb2
37.Rxa6 h5 38.Rc6 g5 39.h4 gxh4 40.gxh4 Rc2 41.Kf1 Kf7 42.Ke1 Kg7 43.Rc5 Kg6
44.Kd1 Rh2 45.Rc4 Kf5 46.Rd4 Ke5 47.Ra4 Kf5 48.Rb4 Kf6 49.Rc4 Rf2 50.Rc5 Rxf3
51.Kc2 Kg6 52.Rg5+ Kh6 53.Rd5 Kg6 54.Kb3 Rh3 55.Rd4 Kf5 56.Kc4 Ke6 57.Kb4 Ke5
58.Rc4 Kd6 59.Kb5 Kd5 60.Rc5+ Kd6 61.Rc6+ Kd7 62.Rc4 Kd6 63.Rd4+ Ke5 64.Kb4 Rg3
65.Kc4 Ke6 66.Kb4 Ke5 67.Rc4 Kd6 68.Re4 Kd5 69.Rd4+ Ke5 70.Kc4 Ke6 71.Rd3 Rg4+
72.Rd4 Rg3 73.Kb3 Rh3 74.Ra4 Kd6 75.Rd4+ Ke5 76.Kc4 Ke6 77.Rf4 Ke5 78.Rd4 Ke6
79.Kb3 Ke5 80.Kb4 Rg3 81.Rc4 Kd6 82.Kb5 Rh3 83.Rc6+ Kd7 84.c4 Rxh4 85.Rh6 Rh1
86.Kb6 h4 87.Rh7+ Ke6 88.c5 Kf5 89.c6 Kg4  1/2-1/2

[Event "Torch Real Estate Cup"]
[Site "Xiapu CHN"]
[Date "2005.06.21"]
[Round "14"]
[White "Ruan Lufei"]
[Black "Liang Zhihua"]
[Result "1-0"]
[WhiteElo "2366"]
[BlackElo "2232"]

1.e4 c5 2.Nf3 e6 3.d4 cxd4 4.Nxd4 Nc6 5.Nc3 Qc7 6.Be2 a6 7.O-O Nf6 8.Be3 Bb4
9.Na4 b5 10.Nxc6 dxc6 11.Bc5 bxa4 12.Bxb4 c5 13.Ba3 Nxe4 14.Bf3 Bb7 15.Re1 Rd8
16.Qc1 Nd6 17.Bxb7 Nxb7 18.Re4 Qd7 19.h3 O-O 20.Qf4 Qd2 21.Rc1 Qxf4 22.Rxf4 Rd6
23.Rxa4 Rfd8 24.Kf1 a5 25.Re4 f6 26.b3 Kf7 27.Bb2 Rd5 28.Bc3 h5 29.Ra4 Ra8
30.a3 e5 31.b4 cxb4 32.axb4 Rc8 33.bxa5 Nc5 34.Rc4 Ra8 35.Rb1 Ne6 36.g3 Nd4
37.Rb7+ Kg6 38.Bb4 Ra6 39.Rcc7 Nc6 40.Bf8 Nxa5 41.Rxg7+ Kf5 42.Ra7 Rc6 43.Rgc7 Rb6
44.Kg2 Nc6 45.Ra4 Nd4 46.g4+ hxg4 47.hxg4+ Kxg4 48.c3 Rb2 49.cxd4 exd4 50.Rcc4 Rd2
51.Bh6 Rd3 52.Be3  1-0

[Event "6th EICC"]
[Site "Warsaw POL"]
[Date "2005.06.22"]
[Round "5"]
[White "Pavlovic,Mi"]
[Black "Andersson,U"]
[Result "1/2-1/2"]
[WhiteElo "2475"]
[BlackElo "2579"]

1.e4 c5 2.Nf3 e6 3.d4 cxd4 4.Nxd4 Nc6 5.Nc3 a6 6.Be2 Qc7 7.O-O Nf6 8.Be3 Be7
9.f4 d6 10.Kh1 O-O 11.Qe1 Nxd4 12.Bxd4 b5 13.Qg3 Bb7 14.a3 Rae8 15.Bf3 Bd8
16.e5 dxe5 17.fxe5 Nd7 18.Ne4 Bxe4 19.Bxe4 f5 20.exf6 Qxg3 21.hxg3 Bxf6 22.Rad1 Bxd4
23.Rxf8+ Kxf8 24.Rxd4 Ke7 25.Kg1 Nf6 26.Bd3 e5 27.Rb4 Kd6 28.c4 bxc4 29.Bxc4 a5
30.Rb7 Rc8 31.b3 Rc7 32.Rb6+ Rc6 33.Rb7 a4 34.Rxg7 axb3 35.Bxb3 Rc1+ 36.Kf2 Rc3
37.Bg8  1/2-1/2

[Event "Torch Real Estate Cup"]
[Site "Xiapu CHN"]
[Date "2005.06.22"]
[Round "15"]
[White "Wen Yang"]
[Black "Qiao Liang"]
[Result "1-0"]
[WhiteElo "2327"]
[BlackElo "2350"]

1.e4 c5 2.Nf3 e6 3.d4 cxd4 4.Nxd4 Nc6 5.Nc3 Qc7 6.Be3 a6 7.Qd2 Nf6 8.O-O-O b5
9.f3 Ne5 10.Kb1 Bb7 11.g4 h6 12.Rg1 b4 13.Na4 d5 14.exd5 Nxd5 15.f4 Nd7 16.Bg2 Be7
17.h4 Bxh4 18.g5 hxg5 19.fxg5 g6 20.Bxd5 Bxd5 21.Qxb4 Rb8 22.Qa3 Bg3 23.Nc3 Bb7
24.Nde2 Be5 25.Rgf1 Rh4 26.Bd4 Bxd4 27.Nxd4 Qc5 28.Qa4 Bc8 29.Nce2 Rb4 30.Qa3 Rbxd4
31.Rxd4 Qxg5 32.Qc3 Bb7 33.Rfd1 Rxd4 34.Qxd4 Qb5 35.Nc3 Qc6 36.Qh8+ Ke7 37.Qh4+ Ke8
38.Nd5 exd5 39.Re1+  1-0

[Event "6th EICC"]
[Site "Warsaw POL"]
[Date "2005.06.23"]
[Round "6"]
[White "Romanov,E"]
[Black "Potkin,V"]
[Result "0-1"]
[WhiteElo "2437"]
[BlackElo "2552"]

1.e4 c5 2.Nf3 e6 3.d4 cxd4 4.Nxd4 Nc6 5.Nc3 Qc7 6.Be3 a6 7.Qd2 Nf6 8.f3 b5
9.O-O-O Ne5 10.g4 h6 11.Be2 b4 12.Na4 d5 13.exd5 Nxd5 14.f4 Nc4 15.Bxc4 Qxc4
16.b3 Qc7 17.f5 Be7 18.h4 exf5 19.Nxf5 Bxf5 20.gxf5 Nxe3 21.Qxe3 O-O 22.Nb2 a5
23.Nc4 a4 24.Kb1 Bf6 25.Rd6 axb3 26.cxb3 Rxa2 27.Rxf6 Rfa8 28.Rd6 Ra1+ 29.Kc2 Rxh1  0-1

[Event "6th EICC"]
[Site "Warsaw POL"]
[Date "2005.06.23"]
[Round "6"]
[White "Warakomski,T"]
[Black "Reinderman,D"]
[Result "1/2-1/2"]
[WhiteElo "2384"]
[BlackElo "2509"]

1.e4 c5 2.Nf3 e6 3.d4 cxd4 4.Nxd4 Nc6 5.Nc3 Qc7 6.Be3 a6 7.Bd3 Nf6 8.O-O Ne5
9.h3 d6 10.f4 Nc4 11.Bxc4 Qxc4 12.Qd3 Qxd3 13.cxd3 Be7 14.f5 Bd7 15.fxe6 fxe6
16.a4 Rc8 17.a5 Bd8 18.Nf3 O-O 19.Nd2 Bc6 20.Nc4 Bc7 21.Bf4 d5 22.Bxc7 dxc4
23.Bd6 Rfd8 24.e5 Nd5  1/2-1/2

[Event "6th ch-EURw Qualification"]
[Site "Chisinau MDA"]
[Date "2005.06.24"]
[Round "1.4"]
[White "Bojkovic,N"]
[Black "Ovod,E"]
[Result "1/2-1/2"]
[WhiteElo "2371"]
[BlackElo "2305"]

1.e4 c5 2.Nf3 e6 3.d4 cxd4 4.Nxd4 Nc6 5.Nc3 Qc7 6.Be2 a6 7.O-O Nf6 8.Kh1 d6
9.Be3 Be7 10.f4 O-O 11.Qe1 Bd7 12.Qg3 Rae8 13.e5 dxe5 14.Nxc6 Bxc6 15.fxe5 Ne4
16.Nxe4 Bxe4 17.c3 Bg6 18.h4 h5 19.Bd4 Kh7 20.Rf4 f6 21.Bd3 Bxd3 22.Qxd3+ f5
23.Qe3 g6 24.Qf2 Rc8 25.Rf3 Bc5 26.Rd3 Bxd4 27.Rxd4 Rfd8 28.Rad1 Rxd4 29.Qxd4 Re8
30.Kh2 Re7 31.Kg3 Qc6 32.Rd2 Qb5 33.Kh2 Qc6 34.Qd8 Qc7 35.Qd4 Qc6 36.Qd8 Qc7
37.Qd4 Qc6  1/2-1/2

[Event "6th ch-EURw Qualification"]
[Site "Chisinau MDA"]
[Date "2005.06.24"]
[Round "1.1"]
[White "Bojkovic,N"]
[Black "Ovod,E"]
[Result "0-1"]
[WhiteElo "2371"]
[BlackElo "2305"]

1.e4 c5 2.Nf3 e6 3.d4 cxd4 4.Nxd4 Nc6 5.Nc3 Qc7 6.Be2 a6 7.O-O Nf6 8.Kh1 Nxd4
9.Qxd4 Bc5 10.Qd3 b5 11.f4 d6 12.e5 dxe5 13.fxe5 Qxe5 14.Bf4 Qd4 15.Qg3 Bb7
16.Be5 Qe3 17.Bf3 Bxf3 18.Rxf3 Qh6 19.Rd1 Be7 20.Rdf1 Rd8 21.a3 Qg6 22.Qe1 Qxc2
23.R3f2 Qd3 24.Rf3 Qc2 25.Rg3 Nh5 26.Rh3 Nf6 27.Rg3 Nh5 28.Rh3 Qg6 29.Qe2 Nf6
30.Qe1 h5 31.Bxf6 Bxf6 32.Ne4 Bxb2 33.Qb4 Be5 34.Nc5 O-O 35.Nxa6 Rd4 36.Qxb5 Rd2
37.Qc6 Rfd8 38.Nb4 R8d5 39.Rg1 Rxg2  0-1

[Event "6th EICC"]
[Site "Warsaw POL"]
[Date "2005.06.25"]
[Round "7"]
[White "Baramidze,D"]
[Black "Mastrovasilis,A"]
[Result "0-1"]
[WhiteElo "2542"]
[BlackElo "2473"]

1.e4 c5 2.Nf3 e6 3.d4 cxd4 4.Nxd4 Nc6 5.Nc3 a6 6.Be2 d6 7.Be3 Nf6 8.Qd2 Bd7
9.O-O-O b5 10.f3 b4 11.Nb1 d5 12.Nxc6 Bxc6 13.e5 Nd7 14.f4 Qa5 15.f5 Qxa2
16.fxe6 fxe6 17.Bh5+ g6 18.Bg4 Ba4 19.Bxe6 Rc8 20.Bxd7+ Bxd7 21.Rhf1 Ba4
22.Rf2 Rxc2+ 23.Qxc2 Bxc2 24.Rxc2 Bg7 25.Rf1 Bxe5 26.b3 Qxb3 27.Rf3 Qa4  0-1

[Event "6th EICC"]
[Site "Warsaw POL"]
[Date "2005.06.25"]
[Round "7"]
[White "Kristjansson,St"]
[Black "Bruno,F"]
[Result "1-0"]
[WhiteElo "2461"]
[BlackElo "2374"]

1.e4 c5 2.Nf3 e6 3.d4 cxd4 4.Nxd4 Nc6 5.Nc3 Qc7 6.Be3 a6 7.Bd3 Nf6 8.O-O b5
9.Nxc6 Qxc6 10.Be2 b4 11.e5 bxc3 12.exf6 cxb2 13.Rb1 gxf6 14.Bf3 d5 15.Rxb2 Bd7
16.Qd4 Be7 17.c4 e5 18.Qxd5 Qxd5 19.Bxd5 Rc8 20.Rb7 Rg8 21.Rd1 Ba4 22.Rdb1 f5
23.Ra7 Bc6 24.Bxc6+ Rxc6 25.Ra8+ Bd8 26.Rd1 Ke7 27.Bc1 Rxc4 28.Ba3+  1-0

[Event "Torch Real Estate Cup"]
[Site "Xiapu CHN"]
[Date "2005.06.25"]
[Round "18"]
[White "Al Modiahki,M"]
[Black "Liang Jinrong"]
[Result "1/2-1/2"]
[WhiteElo "2569"]
[BlackElo "2467"]

1.e4 c5 2.Nf3 e6 3.d4 cxd4 4.Nxd4 Nc6 5.Nc3 Qc7 6.g3 a6 7.Bg2 d6 8.O-O Bd7
9.a4 Be7 10.Nb3 Nf6 11.a5 Ne5 12.f4 Nc4 13.Qe2 e5 14.Kh1 Rc8 15.f5 h6 16.Rd1 b6
17.axb6 Qxb6 18.Ra2 O-O 19.g4 Bb5 20.Qf3 Qd8 21.Nd2 Nb6 22.Nxb5 axb5 23.c3 Qd7
24.Nf1 Ra8 25.Rxa8 Rxa8 26.Ne3 Ra1 27.Nc2 Rb1 28.Na3 Ra1 29.Nc2 Rb1 30.Na3 Ra1
31.Nc2  1/2-1/2

[Event "White Nights"]
[Site "St Petersburg RUS"]
[Date "2005.06.26"]
[Round "9"]
[White "Melnikov,D"]
[Black "Polyaninov,A"]
[Result "0-1"]
[WhiteElo "2305"]
[BlackElo "2409"]

1.e4 c5 2.Nf3 e6 3.Nc3 Nc6 4.d4 cxd4 5.Nxd4 Qc7 6.g3 a6 7.Bg2 Nf6 8.O-O Be7
9.Be3 O-O 10.Qe2 Rb8 11.Rad1 d6 12.f4 Bd7 13.Nb3 b5 14.a3 b4 15.axb4 Nxb4
16.Nd4 Nc6 17.Qxa6 Nxd4 18.Bxd4 e5 19.fxe5 dxe5 20.Rxf6 Bxf6 21.Nd5 Qxc2
22.Rf1 exd4 23.Rxf6 Rxb2  0-1

[Event "6th EICC"]
[Site "Warsaw POL"]
[Date "2005.06.26"]
[Round "8"]
[White "Smeets,J"]
[Black "Dziuba,M"]
[Result "1-0"]
[WhiteElo "2518"]
[BlackElo "2429"]

1.e4 c5 2.Nf3 e6 3.d4 cxd4 4.Nxd4 Nc6 5.Nc3 a6 6.Nxc6 bxc6 7.Bd3 d5 8.O-O Nf6
9.Kh1 Be7 10.f4 O-O 11.Qf3 c5 12.e5 Nd7 13.Nd1 Bb7 14.c4 Nb6 15.Ne3 Qc7 16.Qh3 g6
17.f5 exf5 18.Nxf5 h5 19.Qe3 Bc8 20.Nh6+ Kg7 21.Nxf7 Bf5 22.Rxf5 gxf5 23.Qg3+  1-0

[Event "6th EICC"]
[Site "Warsaw POL"]
[Date "2005.06.26"]
[Round "8"]
[White "Atakisi,U"]
[Black "Grigoriants,S RUS"]
[Result "0-1"]
[WhiteElo "2439"]
[BlackElo "2553"]

1.e4 c5 2.Nf3 e6 3.d4 cxd4 4.Nxd4 Nc6 5.Nc3 d6 6.Be3 Nf6 7.f4 e5 8.Nf3 Ng4
9.Qd2 Nxe3 10.Qxe3 exf4 11.Qxf4 Be6 12.O-O-O Be7 13.Nd5 O-O 14.Kb1 Rc8 15.Bc4 Nb4
16.Bb3 Nxd5 17.Bxd5 Bxd5 18.Rxd5 Qb6 19.Nd4 Rc4 20.Nf5 Bf6 21.b3 Rb4 22.Nh6+ Kh8
23.Qxd6 Qxd6 24.Rxd6 Rxe4 25.Nf5 Re2 26.Rd7 Rc8 27.Rc1 Rb8 28.Rg1 Kg8 29.Ng3 Re5
30.Rgd1 h5 31.R7d5 Rxd5 32.Rxd5 Re8 33.c4 h4 34.Nh5 Be5 35.g3 g6 36.Nf4 Bxf4
37.gxf4 Re2 38.h3 Re3 39.c5 Rxh3 40.b4 Rf3 41.Kc2 Rxf4 42.Kb3 h3 43.Rd1 Rh4
44.Rh1 g5 45.b5 Kf8 46.b6 axb6  0-1

[Event "6th EICC"]
[Site "Warsaw POL"]
[Date "2005.06.26"]
[Round "8"]
[White "Zawadzka,J"]
[Black "Gluszko,T"]
[Result "1-0"]
[WhiteElo "2383"]
[BlackElo "1977"]

1.e4 c5 2.Nf3 e6 3.d4 cxd4 4.Nxd4 Nc6 5.Nc3 Nf6 6.Ndb5 Bb4 7.a3 Bxc3+ 8.Nxc3 d5
9.Bd3 O-O 10.O-O d4 11.Ne2 e5 12.h3 Nd7 13.Ng3 Nc5 14.f4 Qh4 15.Qf3 exf4
16.Bxf4 Qe7 17.Bc4 Ne5 18.Bxe5 Qxe5 19.b4 Be6 20.Bd5 Nd7 21.Bxb7 Rab8 22.Bd5 Bxd5
23.exd5 Nb6 24.Nf5 g6 25.Nh6+ Kg7 26.Rae1 Qxd5 27.Qf6+ Kxh6 28.Rf4 Nd7 29.Rh4+ Qh5
30.Rxh5+ Kxh5 31.g4+ Kh6 32.g5+ Kh5 33.Qf4 f5 34.Re7  1-0

[Event "Torch Real Estate Cup"]
[Site "Xiapu CHN"]
[Date "2005.06.26"]
[Round "19"]
[White "Li Chao"]
[Black "Wang Rui"]
[Result "1-0"]
[WhiteElo "2320"]
[BlackElo "2457"]

1.e4 c5 2.Nf3 e6 3.d4 cxd4 4.Nxd4 Nc6 5.Nc3 Qc7 6.Be2 a6 7.O-O b5 8.Nxc6 dxc6
9.f4 Bc5+ 10.Kh1 Ne7 11.e5 Nd5 12.Ne4 Be7 13.b3 b4 14.Rf3 Bb7 15.Bb2 c5 16.Bd3 Qc6
17.Qe2 f5 18.Nd6+ Bxd6 19.exd6 Kd7 20.Be5 Rhg8 21.Bc4 h6 22.Rg3 g5 23.Qh5 Raf8
24.Qxh6 g4 25.Qh7+ Kc8 26.a3 Qd7 27.Qxd7+ Kxd7 28.axb4 Nxb4 29.c3 Nc6 30.Re3 Rg6
31.Kg1 Nxe5 32.Rxe5 Rc8 33.Rae1 Be4 34.Rd1 Rc6 35.Bxe6+ Rxe6 36.Rxe6 c4 37.Re7+ Kd8
38.b4 Rb6 39.Ra7 Bd3 40.Ra1 Rxd6 41.R1xa6 Rd5 42.Rh6  1-0

[Event "ITT Cinco Soles"]
[Site "Pinamar ARG"]
[Date "2005.06.27"]
[Round "6"]
[White "Della Morte,P"]
[Black "Duarte,L"]
[Result "0-1"]
[WhiteElo "2285"]
[BlackElo "2298"]

1.e4 c5 2.Nf3 e6 3.d4 cxd4 4.Nxd4 Nc6 5.Nc3 Qc7 6.Be3 a6 7.Qd2 Nf6 8.f3 Bb4
9.a3 Be7 10.g4 h6 11.O-O-O b5 12.Nb3 Bb7 13.Bc5 Ne5 14.Bxe7 Kxe7 15.Nd4 Rac8
16.h4 d5 17.f4 Nexg4 18.e5 Ne4 19.Nxe4 dxe4 20.Rg1 Rhd8 21.Qb4+ Ke8 22.c3 Ne3
23.Rxg7 Nxd1 24.Nxe6 fxe6 25.Rxc7 Rxc7 26.Be2 Nf2 27.Bh5+ Rf7 28.Qa5 Rd7
29.f5 Nd3+ 30.Kb1 Nf4 31.fxe6 Nxe6 32.Qb6 Ke7 33.Bg4 Bd5 34.Bxe6 Rf1+ 35.Kc2 Bxe6
36.Qc5+ Kf7 37.Qe3 Rd3 38.Qxh6 Rf2+ 39.Kc1 Rg3 40.Qh5+ Kf8 41.Qd1 Kg7  0-1

[Event "zt 4.1"]
[Site "Taza MAR"]
[Date "2005.06.27"]
[Round "8"]
[White "Tissir,M"]
[Black "Belkhodja,S"]
[Result "0-1"]
[WhiteElo "2442"]
[BlackElo "2471"]

1.e4 c5 2.Nf3 Nc6 3.Nc3 e6 4.d4 cxd4 5.Nxd4 d6 6.Be3 Nf6 7.Be2 Be7 8.O-O O-O
9.f4 a6 10.Qe1 Nxd4 11.Bxd4 b5 12.a3 Bb7 13.Qg3 g6 14.Bf3 a5 15.Rae1 b4 16.Nd1 d5
17.e5 Ne4 18.Bxe4 Bh4 19.Qh3 Bxe1 20.Bd3 Bh4 21.g4 Be7 22.f5 Bg5 23.f6 Qc7
24.Qg3 Rfc8 25.h4 Bh6 26.g5 Bf8 27.h5 Bc5 28.c3 bxc3 29.bxc3 Ba6 30.Bxa6 Rxa6
31.Qh4 Bxd4+ 32.cxd4 Qc2 33.Ne3 Qe4 34.Qxe4 dxe4 35.hxg6 hxg6 36.Rb1 Raa8
37.d5 exd5 38.Nxd5 Rab8 39.Re1 Rc2 40.Ne3 Ra2 41.Rd1 Rxa3 42.Nc4 Rc3 43.Nd6 e3
44.Re1 Rb2  0-1

[Event "33rd World Open"]
[Site "Philadelphia USA"]
[Date "2005.06.28"]
[Round "1"]
[White "Samuelson,A"]
[Black "Kunte,A"]
[Result "0-1"]
[WhiteElo "2111"]
[BlackElo "2561"]

1.e4 c5 2.Nf3 e6 3.d4 cxd4 4.Nxd4 Nc6 5.Nc3 Qc7 6.Be3 a6 7.Qd2 Nf6 8.f3 b5
9.g4 d6 10.O-O-O Nxd4 11.Bxd4 Rb8 12.e5 Nd7 13.exd6 Bxd6 14.Ne4 Bf4 15.Be3 Bxe3
16.Qxe3 O-O 17.g5 Bb7 18.Rg1 Bxe4 19.Qxe4 Rbc8 20.Bd3 g6 21.Rg2 Nc5 22.Qe3 Rfd8
23.Be4 Rxd1+ 24.Kxd1 Na4 25.c3 b4 26.cxb4 Qc4 27.Rc2 Rd8+ 28.Ke1 Qxb4+ 29.Ke2 Qb5+
30.Bd3 Qb8 31.f4 Nxb2 32.Bxa6 Nd1 33.Qf3 Qb6 34.Bd3 Nb2 35.Be4 Qb5+ 36.Kf2 Nd1+
37.Kg2 Qb6 38.Re2 Qd4 39.Bc2 Nc3 40.Rf2 Nd5 41.Qe4 Qc5 42.Bb3 Ne3+ 43.Kf3 Nf5
44.Kg2 Qb6 45.Re2 Rd4 46.Qe5 Rd3 47.Qe4 Nh4+ 48.Kf1 Nf3 49.Qa8+ Kg7 50.Rf2 Qe3
51.Kg2 Nh4+ 52.Kf1 Qc1+  0-1

[Event "ITT Cinco Soles"]
[Site "Pinamar ARG"]
[Date "2005.06.28"]
[Round "7"]
[White "Bronstein,L"]
[Black "Della Morte,P"]
[Result "1-0"]
[WhiteElo "2362"]
[BlackElo "2285"]

1.e4 c5 2.Nf3 e6 3.Nc3 Nc6 4.d4 cxd4 5.Nxd4 a6 6.g3 Nge7 7.Be3 b5 8.Bg2 Nxd4
9.Bxd4 Nc6 10.O-O Bb7 11.a4 b4 12.Na2 Qa5 13.c3 Nxd4 14.Qxd4 bxc3 15.Rfd1 Bc6
16.Nxc3 f6 17.e5 fxe5 18.Qg4 Bxg2 19.Kxg2 g6 20.Rxd7 Kxd7 21.Rd1+ Kc7 22.Qxe6 Rc8
23.b4 Bxb4 24.Nd5+ Kb8 25.Rb1 Rc4 26.Nxb4 Rxb4 27.Qd6+ Ka7 28.Rxb4 Rc8 29.Re4 Qc5
30.Qxe5 Qc6 31.f3 Rd8 32.Qe6 Rd2+ 33.Kh3 Rd6 34.Qf7+ Kb6 35.Qb3+ Ka7 36.Qe3+ Ka8
37.Re8+ Kb7 38.Qb3+ Qb6 39.Qf7+  1-0

[Event "6th EICC"]
[Site "Warsaw POL"]
[Date "2005.06.28"]
[Round "10"]
[White "Brkic,A"]
[Black "Babula,V"]
[Result "1/2-1/2"]
[WhiteElo "2477"]
[BlackElo "2584"]

1.e4 c5 2.Nf3 e6 3.d4 cxd4 4.Nxd4 Nc6 5.Nc3 d6 6.Be2 Nf6 7.O-O Be7 8.Kh1 O-O
9.Be3 a6 10.a4 Bd7 11.f4 Rc8 12.Bd3 e5 13.Nxc6 Bxc6 14.Qf3 Qa5 15.fxe5 dxe5
16.Bg5 Qb4 17.Bxf6 Bxf6 18.Nd5 Bxd5 19.exd5 Rce8 20.c3 e4 21.Qf5 Qxb2 22.Bxe4 g6
23.Qxf6 Rxe4 24.Rad1 Qa2 25.Qb6 Re2 26.Rg1 Qxa4 27.Qxb7 Rxg2 28.Kxg2 Qe4+
29.Kf2 Re8 30.Qb2 Qe3+ 31.Kg2 Qe4+ 32.Kf2 Qe3+ 33.Kg2 Qe4+ 34.Kf2  1/2-1/2

[Event "2nd RUS Pupils Summer Boys"]
[Site "Satka RUS"]
[Date "2005.06.29"]
[Round "3"]
[White "Chernobay,A"]
[Black "Matlakov,M"]
[Result "1/2-1/2"]
[WhiteElo "2270"]
[BlackElo "2401"]

1.e4 c5 2.Nf3 e6 3.d4 cxd4 4.Nxd4 Nc6 5.Nc3 d6 6.g3 Nf6 7.Bg2 Bd7 8.O-O Nxd4
9.Qxd4 Bc6 10.h3 Be7 11.Kh2 O-O 12.a4 a6 13.a5 d5 14.exd5 Nxd5 15.Nxd5 Bxd5
16.Bxd5 Bf6 17.Qd3 Qxd5 18.Qxd5 exd5 19.c3 d4 20.cxd4 Rfd8 21.Ra4 Rxd4 22.Rxd4 Bxd4
23.Kg2 f6 24.Rd1 Rd8 25.Rd3 Bb6 26.Rb3 Bxa5 27.Rxb7 Bd2 28.Bxd2 Rxd2 29.b4 Rd3
30.b5 axb5 31.Rxb5 Rc3 32.Rb7 Ra3  1/2-1/2

[Event "2nd RUS Pupils Summer Boys"]
[Site "Satka RUS"]
[Date "2005.06.30"]
[Round "4"]
[White "Lanin,A"]
[Black "Filatov,D"]
[Result "1-0"]
[WhiteElo "2407"]
[BlackElo "2294"]

1.e4 c5 2.Nf3 e6 3.d4 cxd4 4.Nxd4 Nc6 5.Nc3 a6 6.f4 Qc7 7.Be2 d6 8.Be3 Nf6
9.g4 Be7 10.g5 Nd7 11.Qd2 b5 12.O-O-O Nc5 13.Bxb5 axb5 14.Ndxb5 Qb7 15.Nxd6+ Bxd6
16.Qxd6 Na6 17.f5 Rb8 18.b3 Qd7 19.Qg3 Qe7 20.Rd6 Bb7 21.Rhd1 exf5 22.Nd5 Qxe4
23.Re1 O-O 24.Bf4  1-0

[Event "6th EICC"]
[Site "Warsaw POL"]
[Date "2005.06.30"]
[Round "12"]
[White "Khairullin,I"]
[Black "Mastrovasilis,D"]
[Result "0-1"]
[WhiteElo "2517"]
[BlackElo "2562"]

1.e4 c5 2.Nf3 e6 3.d4 cxd4 4.Nxd4 Nc6 5.Nc3 Qc7 6.Be3 a6 7.Qd2 Nf6 8.O-O-O d6
9.f3 Be7 10.g4 O-O 11.g5 Nd7 12.h4 Nxd4 13.Bxd4 b5 14.Kb1 Rb8 15.Bd3 Ne5
16.Qf2 Bd7 17.f4 b4 18.Ne2 Nxd3 19.cxd3 e5 20.Be3 b3 21.Nc3 exf4 22.Bd4 bxa2+
23.Ka1 Be6 24.Rc1 Qd7 25.Qxf4 Rb4 26.Ne2 f5 27.Qd2 a5 28.Bc3 Rb7 29.Nf4 a4
30.Rhg1 a3 31.b4 Rfb8 32.Nxe6 Qxe6 33.exf5 Qxf5 34.Qxa2+ d5 35.Qd2 Rc7 36.Rcf1 Qg6
37.Be5 Rc2 38.Qf4 d4 39.Qg4 Bxb4 40.Bxd4 Qc6  0-1

[Event "6th EICC"]
[Site "Warsaw POL"]
[Date "2005.06.30"]
[Round "12"]
[White "Nataf,IA"]
[Black "Firman,N"]
[Result "1/2-1/2"]
[WhiteElo "2559"]
[BlackElo "2471"]

1.e4 c5 2.Nf3 e6 3.d4 cxd4 4.Nxd4 Nc6 5.Nc3 a6 6.Be2 Qc7 7.O-O b5 8.Nxc6 dxc6
9.Bg5 Be7 10.Bxe7 Nxe7 11.Qd4 O-O 12.Rad1 Ng6 13.Qc5 Qa7 14.Qxa7 Rxa7 15.Rd6 Rd7
16.Rxd7 Bxd7 17.Rd1 Rd8 18.g3 Kf8 19.f4 e5 20.f5 Ne7 21.a4 Nc8 22.Kf2 Ke7
23.Ke3 b4 24.Na2 a5 25.Nc1 Nb6 26.Nd3 f6 27.b3 Bc8 28.Rg1 Rd4 29.g4 Nd7 30.Nb2 Nc5
31.Bf3 Ba6 32.h4 Nb7 33.Re1 Nd6 34.Nd1 c5 35.Nf2 c4 36.g5 c3 37.gxf6+ gxf6
38.Rd1 Rxd1 39.Bxd1 Nb7 40.Be2 Bxe2 41.Kxe2 Nd8 42.Nd1 Nc6 43.Ne3 Nd4+ 44.Kd3 h5
45.Nc4 Nf3 46.Ke2 Nd4+ 47.Kd3 Nc6 48.Ke2 Nd4+ 49.Kd1 Nc6 50.Ne3 Nd4 51.Nf1 Nf3
52.Ng3 Nd2 53.Ke2 Kf7 54.Ke3 Ke7 55.Nxh5 Kf7 56.Ng3 Kg7 57.Ne2 Nf1+ 58.Kd3 Nd2
59.Ke3 Nf1+ 60.Kd3 Nd2 61.Ng3 Kh6 62.Ke3 Nb1 63.Ke2 Nd2 64.Kd3 Nf3 65.Ke2 Nxh4
66.Nf1 Kg5 67.Ne3 Kf4 68.Kd3 Nf3 69.Nd5+ Kg5 70.Ke2 Nd4+ 71.Kd3 Nf3 72.Ke2 Nd4+
73.Kd3 Nf3  1/2-1/2

[Event "6th EICC"]
[Site "Warsaw POL"]
[Date "2005.07.01"]
[Round "13"]
[White "Szoen,D"]
[Black "Bruno,F"]
[Result "1-0"]
[WhiteElo "2444"]
[BlackElo "2374"]

1.e4 c5 2.Nc3 e6 3.Nf3 Nc6 4.d4 cxd4 5.Nxd4 Qc7 6.Be2 a6 7.O-O Nf6 8.Kh1 d6
9.Be3 Bd7 10.f4 b5 11.a3 Be7 12.Qe1 Rc8 13.Qg3 h5 14.Nxc6 Bxc6 15.Bf3 g6
16.f5 gxf5 17.exf5 Rg8 18.Qh4 Bxf3 19.Rxf3 Rg4 20.Qe1 e5 21.h3 Rg8 22.Rg3 Qc4
23.Rxg8+ Nxg8 24.Qg3 Nf6 25.Bg5 Nd5 26.Nxd5 Qxd5 27.f6 Bd8 28.c3 Rc4 29.Qf2 Qe4
30.Rd1 Bc7 31.Re1 Qg6 32.h4 Kd7 33.Qf3 Rc6 34.Qd5 Bb6 35.Rxe5 Qb1+ 36.Kh2 Bg1+
37.Kh3 Kc7 38.Re2 Kb6 39.Rd2 Qf1 40.Rd1 Qf2 41.Qf3 Qxb2 42.Rxg1 Rxc3 43.Be3+ Kc7
44.Kh2 Qxa3 45.Re1 b4 46.Qa8 Qa5 47.Ba7  1-0

[Event "6th EICC"]
[Site "Warsaw POL"]
[Date "2005.07.01"]
[Round "13"]
[White "Cheparinov,I"]
[Black "Bocharov,D"]
[Result "1/2-1/2"]
[WhiteElo "2621"]
[BlackElo "2574"]

1.e4 c5 2.Nf3 Nc6 3.d4 cxd4 4.Nxd4 e6 5.Nc3 Qc7 6.Be3 a6 7.Qd2 b5 8.O-O-O b4
9.Na4 Nf6 10.f3 Ne5 11.g4 h6 12.Be2 d5 13.h4 Bb7 14.g5 hxg5 15.hxg5 Rxh1
16.Rxh1 Nfd7 17.exd5 Bxd5 18.b3 Qb7 19.Rh3 Rd8 20.Qe1 Ng6 21.f4 Bg2 22.Rh2 Be4
23.Qf1 Nc5 24.Nxe6 Nxe6 25.Bxa6 Qc7 26.Bb5+ Ke7 27.Qe1 Bc6 28.Bxc6 Qxc6 29.f5 Ne5
30.Qe2 Nf3 31.Bc5+ Kd7 32.fxe6+ fxe6 33.Rf2 Bxc5 34.Nxc5+ Qxc5 35.Rxf3 Qxg5+
36.Kb1 Ke7 37.Qf1 Qg6 38.Qe1 Qg4 39.Qf1 Qh5 40.a4 bxa3 41.Ka2 Rc8 42.Rf2 Qg6
43.Qc1 Ke8 44.Qd1 Ke7 45.Qd2 Ke8 46.Qe2 Rc5 47.Kxa3  1/2-1/2